000 00616nam a2200193Ii 4500
003 JO-AjNU
008 230605s9999||||xx |||||||||||||| ||und||
040 _aJO-AjNU
_bara
_erda
_cJO-AjNU
041 _aara
050 1 4 _aR131.Z68 1997
100 3 _aالزعبي ، محمود عبدالعزيز ,
_eauthor
_947665
245 0 0 _aالعلاقة بين الطب والادب
264 3 1 _aعمان:دار الفارس للنشر ، 1997
300 _a704ص
336 _atext
_btxt
_2rdacontent
337 _aunmediated
_bn
_2rdamedia
338 _avolume
_bnc
_2rdacarrier
650 4 _aالطب - الادب
_947666
999 _aA20823
_c24391
_d24391